[Event "Mittelrhein Verbandsliga Ost 1314"]
[Site "Mittelrhein"]
[Date "2013.12.15"]
[Round "5.2"]
[White "Fuchs, Andreas"]
[Black "Kopp, Jan"]
[Result "1/2-1/2"]
[WhiteElo "2015"]
[BlackElo "1957"]
[PlyCount "120"]
[EventDate "2013.09.15"]
[EventType "team-tourn"]
[EventRounds "11"]
[EventCountry "GER"]
[SourceTitle "EXT 2023"]
[Source "ChessBase"]
[SourceDate "2022.10.05"]
[SourceVersion "1"]
[SourceVersionDate "2022.10.05"]
[SourceQuality "1"]
[WhiteTeam "Lohmar"]
[BlackTeam "Godesberg IV"]
[WhiteTeamCountry "GER"]
[BlackTeamCountry "GER"]

1. d4 Nf6 2. Nf3 g6 3. c4 c5 4. d5 d6 5. Nc3 Bg7 6. e4 0-0 7. h3 a6 8. Bd3 b5 9. cxb5 axb5 10. Nxb5 Ba6 11. Nc3 Qa5 12. 0-0 Nfd7 13. Qc2 Bxd3 14. Qxd3 Na6 15. Bd2 Rfb8 16. Nd1 Nb4 17. Qe2 Qb6 18. a3 Qa6 19. Qxa6 Rxa6 20. Bxb4 cxb4 21. Re1 Nc5 22. e5 Nd3 23. Re3 Nxe5 24. Nxe5 Bxe5 25. Rb3 Rab6 26. a4 Bd4 27. Rd3 Bf6 28. Rc1 b3 29. Rc6 Rb4 30. a5 Ra4 31. a6 Ra2 32. g3 Kf8 33. f4 Ke8 34. g4 Kd7 35. g5 Bg7 36. Rc4 Rxa6 37. Re4 e6 38. Ree3 Ra1 39. Kf2 Rb1 40. Ke2 exd5 41. Rxb3 Rxb3 42. Rxb3 Ke6 43. Re3+ Kd7 44. Rd3 d4 45. Kd2 Ra1 46. Ra3 Rxa3 47. bxa3 Ke6 48. a4 Kd5 49. Kd3 Kc5 50. Nf2 Kb4 51. Ne4 Kxa4 52. Nxd6 Kb4 53. f5 Kc5 54. f6 Bf8 55. Nxf7 Kd5 56. Nd8 h6 57. h4 hxg5 58. hxg5 Bc5 59. Nf7 Ke6 60. Nh8 Kf5 1/2-1/2

[Event "Mittelrhein Verbandsliga Ost 1314"]
[Site "Mittelrhein"]
[Date "2013.10.13"]
[Round "2.2"]
[White "Fuchs, Andreas"]
[Black "Schwarz, Andreas1"]
[Result "0-1"]
[WhiteElo "2015"]
[BlackElo "1973"]
[PlyCount "54"]
[EventDate "2013.09.15"]
[EventType "team-tourn"]
[EventRounds "11"]
[EventCountry "GER"]
[SourceTitle "EXT 2023"]
[Source "ChessBase"]
[SourceDate "2022.10.05"]
[SourceVersion "1"]
[SourceVersionDate "2022.10.05"]
[SourceQuality "1"]
[WhiteTeam "Lohmar"]
[BlackTeam "Troisdorf"]
[WhiteTeamCountry "GER"]
[BlackTeamCountry "GER"]

1. d4 Nf6 2. Nf3 g6 3. c4 Bg7 4. Nc3 d5 5. cxd5 Nxd5 6. e4 Nxc3 7. bxc3 c5 8. Be3 0-0 9. Rc1 Qa5 10. Qd2 cxd4 11. cxd4 Qxd2+ 12. Kxd2 Nc6 13. Bd3 Rd8 14. d5 Nb4 15. a3 Nxd3 16. Kxd3 f5 17. Nd4 e5 18. Nb5 fxe4+ 19. Ke2 Bg4+ 20. f3 exf3+ 21. gxf3 Bh5 22. Rc4 a6 23. Nc7 Rac8 24. Rhc1 Rf8 25. Ne6 Bxf3+ 26. Ke1 Rxc4 27. Rxc4 Bxd5 0-1

[Event "Verbandsliga Mittelrhein-Ost 1213"]
[Site "Germany"]
[Date "2013.01.13"]
[Round "6.1"]
[White "Fuchs, Andreas"]
[Black "Borovikov, Vladislav"]
[Result "0-1"]
[WhiteElo "2026"]
[BlackElo "2532"]
[PlyCount "48"]
[EventDate "2012.09.09"]
[EventType "team"]
[EventRounds "11"]
[EventCountry "GER"]
[SourceTitle "EXT 2015"]
[Source "ChessBase"]
[SourceDate "2014.11.20"]
[SourceVersion "1"]
[SourceVersionDate "2014.11.20"]
[SourceQuality "1"]
[WhiteTeam "Lohmar"]
[BlackTeam "Siegburg"]
[WhiteTeamCountry "GER"]
[BlackTeamCountry "GER"]

1. d4 Nf6 2. Nf3 e6 3. c4 d5 4. Nc3 c6 5. Bg5 h6 6. Bh4 dxc4 7. e4 g5 8. Bg3 b5 9. Be2 Bb7 10. 0-0 Nbd7 11. Ne5 Bg7 12. Nxd7 Nxd7 13. Bd6 a6 14. Bh5 e5 15. Kh1 Qf6 16. f4 Qxd6 17. fxe5 Bxe5 18. dxe5 Qxd1 19. Raxd1 Nxe5 20. Rf5 Nd3 21. b3 0-0 22. bxc4 bxc4 23. Rb1 Bc8 24. Rf6 Be6 0-1

[Event "Mittelrhein Verbandsliga-O 1112"]
[Site "Germany"]
[Date "2012.05.06"]
[Round "10"]
[White "Gaehler, Cornelius"]
[Black "Fuchs, Andreas"]
[Result "0-1"]
[WhiteElo "2106"]
[BlackElo "2020"]
[PlyCount "48"]
[EventDate "2011.09.18"]
[EventType "team-tourn"]
[EventRounds "11"]
[EventCountry "GER"]
[SourceTitle "EXT 2013"]
[Source "ChessBase"]
[SourceDate "2012.11.22"]
[SourceVersion "1"]
[SourceVersionDate "2012.11.22"]
[SourceQuality "1"]
[WhiteTeam "Rheinbacher SF"]
[BlackTeam "Lohmar"]
[WhiteTeamCountry "GER"]
[BlackTeamCountry "GER"]

1. d4 Nf6 2. Nf3 g6 3. Bf4 Bg7 4. h3 d6 5. e3 0-0 6. Be2 c5 7. c4 Qb6 8. Qc1 Nc6 9. dxc5 Qb4+ 10. Nc3 Ne4 11. a3 Qa5 12. cxd6 Nxc3 13. dxe7 Re8 14. Bd3 Nd5+ 15. Kf1 Nxf4 16. exf4 Rxe7 17. g4 Qd8 18. Bb1 Na5 19. Qc2 Be6 20. Ba2 Qc7 21. Rc1 Qxf4 22. Ne1 Rc8 23. b3 b5 24. c5 Nxb3 0-1

[Event "Mittelrhein Verbandsliga-O 1112"]
[Site "Germany"]
[Date "2011.09.18"]
[Round "1"]
[White "Fuchs, Andreas"]
[Black "Breest, Axel"]
[Result "1/2-1/2"]
[WhiteElo "2020"]
[BlackElo "1743"]
[PlyCount "60"]
[EventDate "2011.09.18"]
[EventType "team-tourn"]
[EventRounds "11"]
[EventCountry "GER"]
[SourceTitle "EXT 2013"]
[Source "ChessBase"]
[SourceDate "2012.11.22"]
[SourceVersion "1"]
[SourceVersionDate "2012.11.22"]
[SourceQuality "1"]
[WhiteTeam "Lohmar"]
[BlackTeam "Siegburg"]
[WhiteTeamCountry "GER"]
[BlackTeamCountry "GER"]

1. d4 Nf6 2. Nf3 c5 3. d5 b5 4. Bg5 Qb6 5. Bxf6 Qxf6 6. e4 Qxb2 7. Nbd2 a6 8. a4 b4 9. Bd3 d6 10. 0-0 Nd7 11. Nc4 Qc3 12. Rb1 Qf6 13. a5 Rb8 14. Re1 Ne5 15. Nfxe5 dxe5 16. c3 Bd7 17. Nb6 Rxb6 18. axb6 Qxb6 19. Qe2 a5 20. cxb4 cxb4 21. Rec1 g6 22. Qa2 Bh6 23. Rd1 0-0 24. Bc2 Rc8 25. Ba4 Bb5 26. Bxb5 Qxb5 27. Qb2 Qc5 28. g3 Qc3 29. Qa2 Qf3 30. Re1 Rc5 1/2-1/2

[Event "Hessen-ch Gr-E 64th"]
[Site "Bad Vilbel"]
[Date "2010.04.03"]
[Round "3"]
[White "Fuchs, Andreas"]
[Black "Happel, Juergen"]
[Result "1-0"]
[WhiteElo "1495"]
[BlackElo "1317"]
[PlyCount "115"]
[EventDate "2010.03.31"]
[EventType "swiss"]
[EventRounds "5"]
[EventCountry "GER"]
[SourceTitle "EXT 2011"]
[Source "ChessBase"]
[SourceDate "2010.11.26"]
[SourceVersion "1"]
[SourceVersionDate "2010.11.26"]
[SourceQuality "1"]

1. e4 e5 2. f4 d6 3. Nf3 Nc6 4. Bc4 h6 5. 0-0 Nf6 6. d3 a6 7. c3 Bg4 8. a3 Qd7 9. b4 Be6 10. Bb3 Be7 11. Kh1 0-0 12. Be3 Rfd8 13. c4 Bg4 14. f5 b5 15. Nc3 Na7 16. h3 Bxf3 17. Qxf3 c5 18. Nd5 Nxd5 19. cxd5 f6 20. bxc5 Rdc8 21. c6 Qc7 22. Qf2 Bd8 23. Rfb1 Rcb8 24. a4 b4 25. Bc4 a5 26. d4 Nc8 27. dxe5 fxe5 28. g4 Qf7 29. h4 h5 30. g5 g6 31. fxg6 Qxg6 32. Qf5 Qxf5 33. exf5 Bb6 34. Bxb6 Nxb6 35. Bb3 Rf8 36. f6 Ra7 37. Kg2 Nc8 38. Kg3 Kf7 39. Kf3 Rg8 40. Ke4 Rc7 41. Rf1 Ra7 42. Rg1 Nb6 43. Rg2 Na8 44. Kf5 Rg6 45. Bd1 Rg8 46. Bxh5+ Kf8 47. g6 Ke8 48. f7+ Kf8 49. fxg8Q+ Kxg8 50. Ke6 Nc7+ 51. Kxd6 Ne8+ 52. Kxe5 b3 53. d6 Kf8 54. Rf1+ Kg7 55. d7 Nf6 56. Rxf6 Kh6 57. g7+ Kxh5 58. g8Q 1-0

[Event "Bad Zwesten op 5th"]
[Site "Bad Zwesten"]
[Date "2001.01.04"]
[Round "3"]
[White "Eickhoff, Hermann"]
[Black "Fuchs, Andreas"]
[Result "1-0"]
[WhiteElo "2080"]
[BlackElo "2144"]
[PlyCount "87"]
[EventDate "2001.01.02"]
[EventType "swiss"]
[EventRounds "7"]
[EventCountry "GER"]
[SourceTitle "EXT 2002"]
[Source "ChessBase"]
[SourceDate "2001.11.25"]
[SourceVersion "1"]
[SourceVersionDate "2001.11.25"]
[SourceQuality "1"]

1. e4 c5 2. Nf3 Nc6 3. d4 cxd4 4. Nxd4 g6 5. Be3 Bg7 6. Nc3 Nf6 7. f3 0-0 8. Bc4 e6 9. Qd2 d5 10. Nxc6 bxc6 11. Bb3 dxe4 12. fxe4 Qxd2+ 13. Bxd2 Bb7 14. 0-0 c5 15. Rae1 Rac8 16. Bc4 h6 17. h3 Kh7 18. b3 a6 19. Rf3 Nd7 20. Bf4 Bd4+ 21. Kh1 Ne5 22. Bxe5 Bxe5 23. Na4 Kg7 24. Nb6 Rcd8 25. Rd3 Rxd3 26. Bxd3 Rd8 27. Nc4 Bg3 28. Re3 Bf4 29. Rf3 Bc7 30. Rf1 e5 31. Kg1 f6 32. Kf2 Kf7 33. g4 Kg7 34. Ke3 Kf7 35. a4 a5 36. h4 Ke7 37. Nd2 Kf7 38. g5 hxg5 39. hxg5 Kg7 40. gxf6+ Kf7 41. Bc4+ Kf8 42. Rh1 Ke8 43. Rh7 Rd7 44. Rh8# 1-0